El proceso

Guardat en:
Dades bibliogràfiques
Autor principal: Kafka, Franz (Autor)
Format: Llibre
Idioma:espanyol
Publicat: Santiago Seix Barral 1985
Edició:1a. ed
Col·lecció:Literatura Contemporánea, 19
Matèries:
Etiquetes: Afegir etiqueta
Sense etiquetes, Sigues el primer a etiquetar aquest registre!

MARC

LEADER 00000cam a2200000 a 4500
001 UCE9448
003 CL-VaPUC
008 151022e19850000cl |||||||||||||||||spa|d
082 0 4 |a 890  |b KAF  |2 21 
100 |a Kafka, Franz   |e author  |9 266293 
245 1 3 |a El proceso 
250 |a 1a. ed 
300 |a 254 p 
942 |c BK 
945 |d 20151022 17:18:00  |a dcastane 
260 |a Santiago  |b Seix Barral  |c 1985 
650 7 |a LITERATURA CHECOESLOVACA  |2 CL-VaPUC  |9 348950 
650 7 |a NOVELAS CHECOESLOVACAS  |2 CL-VaPUC  |9 322610 
583 |a last modification  |c 20151022 17:18:00  |k Rodrigo Vera 
490 0 |a Literatura Contemporánea, 19 
999 |c 361112  |d 361110 
952 |0 0  |1 0  |3 erb  |4 0  |6 890_000000000000000_KAF_1985  |7 0  |8 C  |9 471444  |a BIBCUR  |b BIBCUR  |i 5205891  |l 3  |o 890 KAF 1985  |p 5205891  |r 2025-04-22  |s 2024-03-26  |w 2019-11-24  |y BK  |z Catalogado en:20151022  |k CAC